00561 a2200157 450000100060000008200120000609000170001810000590003524501120009426000260020630000140023250000210024694200220026799900190028995200950030892221 aPR 2490 c44181d44180 aHuda Zahid; Prof Nadeem Shahi and Prof Omer (Advisors) aEmployment of Substructuring Technique for the Structural analysis of the wing of JF-17 Aircrafth78 "A" EC aIslamabadbNUSTc2015 axii,102p. aBE ProjectReport aCAE NUSTkPR 2490 c327294d327294 001040708NFICaCAEbCAEd2017-04-03l0oPR 2490pCAEPR-2490r2017-04-05w2017-04-05yBK